FC Nantes | Effectif Ligue 1 - 2024/2025 - Statistiques

Statistiques générales
  • Ce quiz a été pris 161 fois
  • Le résultat moyen est 21 sur 27
Statistiques - réponses
Poste Joueurs Nationalité Numéro % Correct
Gardien de but Alban Lafont 1
98%
Gardien de but Anthony Lopes 16
97%
Attaquant Moses Simon 27
97%
Attaquant Mostafa Mohamed 31
95%
Défenseur Nicolas Pallois 4
94%
Milieu de terrain Pedro Chirivella 5
93%
Défenseur Jean-Charles Castelletto 21
92%
Attaquant Matthis Abline 39
91%
Coach Antoine Kombouaré
90%
Milieu de terrain Douglas Augusto 6
86%
Défenseur Nathan Zézé 44
86%
Attaquant Sorba Thomas 22
84%
Défenseur Nicolas Cozza 3
83%
Milieu de terrain Johann Lepenant 8
81%
Milieu de terrain Louis Leroux 66
78%
Attaquant Herba Guirassy 62
77%
Attaquant Tino Kadewere 10
76%
Défenseur Marcus Coco 11
75%
Gardien de but Patrik Carlgren 30
74%
Défenseur Kelvin Amian 98
72%
Milieu de terrain Florent Mollet 25
66%
Défenseur Saïdou Sow 24
66%
Attaquant Meschack Elia 17
59%
Gardien de but Hugo Barbet 50
58%
Milieu de terrain Francis Coquelin 13
53%
Défenseur Fabien Centonze 18
51%
Milieu de terrain Dehmaine Tabibou 59
49%
Aucun quiz correspondant
Distribution des résultats
% des personnes avec chaque résultat
Percentile par nombre de réponses
Votre historique - résultats
Vous n’avez pas pris ce quiz